Súkromné bezpečnostné služby
Z obsahu: Záujemcovia o získanie licencie SBS sú prísne preverovaní. Výpalníctvo pod pokrývkou bezpečnostných služieb upadá. Niektoré firmy nikde neevidujú, čo vlastne robia. Majiteľ detektívnej služby navrhuje kolegom vytvoriť sieť podobnú policajnej. Podporou bezpečnostných služieb štát šetrí vlas...
Saved in:
| Main Author: | |
|---|---|
| Format: | Book Chapter |
| Language: | Slovak |
| Subjects: | |
| Tags: |
No Tags, Be the first to tag this record!
|
MARC
| LEADER | 00000naa a2200000 4500 | ||
|---|---|---|---|
| 001 | r039296 | ||
| 005 | 20230921105845.8 | ||
| 041 | 0 | |a slo | |
| 044 | |a SK | ||
| 245 | 1 | 0 | |a Súkromné bezpečnostné služby |c Peter Šporer |
| 520 | |a Z obsahu: Záujemcovia o získanie licencie SBS sú prísne preverovaní. Výpalníctvo pod pokrývkou bezpečnostných služieb upadá. Niektoré firmy nikde neevidujú, čo vlastne robia. Majiteľ detektívnej služby navrhuje kolegom vytvoriť sieť podobnú policajnej. Podporou bezpečnostných služieb štát šetrí vlastný rozpočet. | ||
| 610 | 2 | 0 | |a služby bezpečnostné súkromné |
| 610 | 2 | 0 | |a bezpečnosť |
| 610 | 2 | 0 | |a služby |
| 610 | 2 | 0 | |a kriminalita hospodárska |
| 610 | 2 | 0 | |a štát |
| 610 | 2 | 0 | |a podpory |
| 610 | 2 | 0 | |a polícia |
| 610 | 2 | 0 | |a Slovensko |
| 610 | 2 | 0 | |a vybavenosť technická |
| 610 | 2 | 0 | |a podnikanie súkromné |
| 100 | 1 | |a Šporer, Peter | |